|
|
|
|
| LEADER |
00000cas a22000007a 4500 |
| 005 |
20111118144324.0 |
| 007 |
cr|||| |||| |
| 008 |
061121c20059999sp fr|p s 0 0cat c |
| 022 |
|
|
|a 1699-8154
|
| 035 |
|
|
|a 5638
|
| 040 |
|
|
|d vLex
|
| 041 |
1 |
|
|a catspa
|
| 090 |
|
|
|c 2775
|d 2775
|
| 222 |
|
0 |
|a Revista de Internet, derecho y polt̕ica
|
| 245 |
1 |
0 |
|a IDP :
|b revista d'Internet, dret i polt̕ica = revista de Internet, derecho y polt̕ica
|h [Recurso electronico]
|
| 256 |
|
|
|a Servicio en ln̕ea
|
| 260 |
|
|
|a [Barcelona] :
|b Universitat Oberta de Catalunya,
|c 2005-
|
| 300 |
|
|
|a 1 recurso electrn̤ico
|
| 310 |
|
|
|a Semestral
|
| 362 |
0 |
|
|a Nm︢. 1 (2005)-
|
| 500 |
|
|
|a Titulo obtenido de la pg̀ina de inicio (consulta: 21/11/2006)
|
| 508 |
|
|
|a Publicacin̤ electrn̤ica impulsada por: Estudis de Dret i Cin̈cia Polt̕ica de la UOC
|
| 546 |
|
|
|a Texto en catalǹ y castellano, resm︢enes en inglš
|
| 650 |
|
4 |
|a Internet
|x Revistas
|
| 740 |
0 |
|
|a vLex Libros (Servicio en ln̕ea)
|
| 856 |
4 |
0 |
|u http://vlex.com/source/idp-revista-internet-derecho-politica-5638
|z Acceso restringido
|
| 942 |
|
|
|c REV
|